Statistics for Countries that Start, and End with A

Click here to take the quiz!

General Stats

  • This quiz has been taken 76 times
  • The average score is 7 of 8

Answer Stats

Answer% Correct
Albania
90%
Armenia
90%
Australia
90%
Austria
86%
Algeria
83%
Angola
83%
Andorra
78%
Argentina
78%

Score Distribution

Percentile by Number Answered

Percent of People with Each Score

Your Score History

You have not taken this quiz